| 000 | 00957nam a22002417a 4500 | ||
|---|---|---|---|
| 005 | 20170811152229.0 | ||
| 008 | 160621b xxu||||| |||| 00| 0 eng d | ||
| 010 | _a1617CH-EN | ||
| 020 |
_a9788185986081 _c150.00 |
||
| 035 | _aB-646458-487 | ||
| 035 | _aB-664766 | ||
| 037 |
_bStar _adpl |
||
| 040 |
_aDPL _bEnglish |
||
| 082 | _aN | ||
| 100 | _aNarayan, R.K. | ||
| 245 |
_aThe man-eater of malgudi / _cby R.K. Narayan |
||
| 260 |
_aChennai _bIndian Thought Publications _c2015 |
||
| 270 |
_a27Neelkantha Mehra street, T.Nagar _bChennai _e600 017 |
||
| 300 |
_a240p. _c18cm(pbk) |
||
| 942 |
_adpl _cCH _2ddc _hN _mNAR |
||
| 999 |
_c100776 _d100776 |
||